[Event "Olimpiada Calviá 2004"]
[Site "Calviá ESP"]
[Date "2004.10.23"]
[Round "8.18"]
[White "Marin, Mihail"]
[Black "Lima, Darcy"]
[Result "1/2-1/2"]
[WhiteElo "2511"]
[BlackElo "2533"]
[PlyCount "78"]
[EventDate "2004.10.15"]
[EventType "team"]
[EventRounds "14"]
[EventCountry "ESP"]
[Source "lmi"]
[SourceDate "2004.10.27"]

1. c4 e5 2. Nc3 Nf6 3. Nf3 Nc6 4. g3 d5 5. cxd5 Nxd5 6. Bg2 Nb6 7. O-O Be7 8.
a3 O-O 9. b4 Be6 10. Rb1 f6 11. d3 a5 12. b5 Nd4 13. Nd2 Bd5 14. Nxd5 Nxd5 15.
Bb2 a4 16. Bxd4 exd4 17. Qc2 Kh8 18. Nc4 Re8 19. Rfe1 Bc5 20. Na5 Rxa5 21. Qxc5
Nc3 22. Bxb7 Re5 23. Qc4 Nxb1 24. Rxb1 Rxe2 25. Be4 f5 26. Bxf5 Ra8 27. Be4 Qf6
28. f4 Qe7 29. Qb4 Rxe4 30. dxe4 Qxe4 31. Re1 Qd5 32. Re5 Qb3 33. Qxb3 axb3 34.
b6 cxb6 35. Rb5 Rxa3 36. Rxb6 g6 37. Kf2 Ra2+ 38. Kf3 Rxh2 39. Rxb3 Kg7 1/2-1/2

[Event "Olimpiada Calviá 2004"]
[Site "Calviá ESP"]
[Date "2004.10.23"]
[Round "8.18"]
[White "Braga, Cicero"]
[Black "Lupulescu, Constantin"]
[Result "1/2-1/2"]
[WhiteElo "2441"]
[BlackElo "2560"]
[PlyCount "40"]
[EventDate "2004.10.15"]
[EventType "team"]
[EventRounds "14"]
[EventCountry "ESP"]
[Source "lmi"]
[SourceDate "2004.10.27"]

1. Nf3 c5 2. g3 g6 3. Bg2 Bg7 4. O-O Nc6 5. d3 d6 6. c4 e6 7. Nc3 Nge7 8. Bd2
a6 9. Rb1 Rb8 10. a3 b5 11. b4 cxb4 12. axb4 O-O 13. cxb5 axb5 14. Qc1 Re8 15.
Bh6 Bh8 16. Ne4 d5 17. Nc5 Nf5 18. Bg5 Qd6 19. Re1 e5 20. e4 dxe4 1/2-1/2

[Event "Olimpiada Calviá 2004"]
[Site "Calviá ESP"]
[Date "2004.10.23"]
[Round "8.18"]
[White "Grigore, George-Gabriel"]
[Black "Fier, Alexander Hila"]
[Result "1-0"]
[WhiteElo "2491"]
[BlackElo "2365"]
[PlyCount "123"]
[EventDate "2004.10.15"]
[EventType "team"]
[EventRounds "14"]
[EventCountry "ESP"]
[Source "lmi"]
[SourceDate "2004.10.27"]

1. d4 Nf6 2. c4 c5 3. d5 e6 4. Nc3 exd5 5. cxd5 d6 6. e4 g6 7. h3 Bg7 8. Bd3
O-O 9. Bg5 Bd7 10. Nf3 b5 11. a3 c4 12. Bc2 a5 13. O-O Na6 14. e5 dxe5 15. Nxe5
h6 16. Bh4 Re8 17. Nxd7 Qxd7 18. Qf3 Nh7 19. Rad1 Ng5 20. Qg4 Qxg4 21. hxg4 b4
22. axb4 axb4 23. Na4 b3 24. Bb1 Ne4 25. d6 Nac5 26. Nb6 Ra6 27. d7 Nxd7 28.
Nxd7 g5 29. Bxe4 Rxe4 30. Nc5 Rae6 31. Nxe4 Rxe4 32. f3 Re6 33. Rfe1 gxh4 34.
Rd8+ Kh7 35. Rxe6 fxe6 36. Rc8 c3 37. bxc3 b2 38. Rb8 Bxc3 39. Kf1 Kg6 40. Rb5
Bf6 41. Ke2 Bg7 42. Kd3 Bh8 43. Kc2 Bd4 44. Rb4 Bg7 45. Rb6 Kf7 46. Kd3 Bf6 47.
Ke4 Bc3 48. f4 Ke7 49. Rb7+ Kf6 50. Kd3 Ba5 51. Rxb2 Kf7 52. Rb5 Bd8 53. Ke4
Bf6 54. Rb7+ Kg6 55. f5+ exf5+ 56. gxf5+ Kg5 57. Rb6 Bd8 58. Rg6+ Kh5 59. Rg8
Bg5 60. Ke5 Bc1 61. f6 Bb2+ 62. Kf5 1-0

[Event "Olimpiada Calviá 2004"]
[Site "Calviá ESP"]
[Date "2004.10.23"]
[Round "8.19"]
[White "Motwani, Paul"]
[Black "Olafsson, Helgi"]
[Result "1-0"]
[WhiteElo "2544"]
[BlackElo "2531"]
[PlyCount "67"]
[EventDate "2004.10.15"]
[EventType "team"]
[EventRounds "14"]
[EventCountry "ESP"]
[Source "lmi"]
[SourceDate "2004.10.27"]

1. c4 Nf6 2. Nc3 e5 3. Nf3 Nc6 4. a3 g6 5. g3 Bg7 6. Bg2 O-O 7. O-O d6 8. h3
Nd4 9. e4 c6 10. d3 Nxf3+ 11. Qxf3 a5 12. Be3 a4 13. Rad1 Nd7 14. Qe2 Nc5 15.
f4 exf4 16. gxf4 f5 17. e5 Qe7 18. Qf2 Ne6 19. exd6 Qxd6 20. d4 g5 21. d5 Nxf4
22. dxc6 Qb8 23. Bc5 bxc6 24. Bxf8 Bxf8 25. Rd8 Qc7 26. Rfd1 Kf7 27. Ne2 Nxg2
28. Kxg2 Ra5 29. Qf3 Be7 30. Qh5+ Kg7 31. Qe8 Re5 32. Qh8+ Kh6 33. Ng3 Be6 34.
R8d6 1-0

[Event "Olimpiada Calviá 2004"]
[Site "Calviá ESP"]
[Date "2004.10.23"]
[Round "8.19"]
[White "Mannion, Stephen R"]
[Black "Gunnarsson, Arnar"]
[Result "1/2-1/2"]
[WhiteElo "2357"]
[BlackElo "2437"]
[PlyCount "71"]
[EventDate "2004.10.15"]
[EventType "team"]
[EventRounds "14"]
[EventCountry "ESP"]
[Source "lmi"]
[SourceDate "2004.10.27"]

1. d4 f5 2. Nc3 Nf6 3. Bg5 d5 4. f3 c6 5. Qd2 Be6 6. Nh3 h6 7. Bxf6 exf6 8. e3
Bd6 9. Bd3 g5 10. Ne2 h5 11. c3 Na6 12. Qc2 Qd7 13. O-O-O Nc7 14. Rde1 O-O-O
15. Ng3 Bxg3 16. hxg3 h4 17. gxh4 Rxh4 18. f4 Rdh8 19. fxg5 fxg5 20. Rhf1 Rg4
21. Re2 Rf8 22. Ref2 Rg3 23. Bxf5 Bxf5 24. Rxf5 Rxf5 25. Qxf5 Qxf5 26. Rxf5 g4
27. Nf4 Rxe3 28. Kd2 Re4 29. Nd3 Ne6 30. g3 Ng7 31. Rg5 Ne8 32. Rg6 Kc7 33. Ne5
Nd6 34. Rg7+ Kc8 35. b3 Nf5 36. Rxg4 1/2-1/2

[Event "Olimpiada Calviá 2004"]
[Site "Calviá ESP"]
[Date "2004.10.23"]
[Round "8.20"]
[White "Torre, Eugenio"]
[Black "Megaranto, Susanto"]
[Result "1-0"]
[WhiteElo "2518"]
[BlackElo "2439"]
[PlyCount "97"]
[EventDate "2004.10.15"]
[EventType "team"]
[EventRounds "14"]
[EventCountry "ESP"]
[Source "lmi"]
[SourceDate "2004.10.27"]

1. c4 Nf6 2. d4 g6 3. Nc3 Bg7 4. Nf3 O-O 5. Bg5 c5 6. e3 d6 7. Be2 Na6 8. O-O
Bf5 9. d5 Nc7 10. Nd2 a6 11. a4 Rb8 12. e4 Bd7 13. a5 b5 14. axb6 Rxb6 15. b3
Nfe8 16. Qc2 f5 17. exf5 Bxf5 18. Bd3 Bxd3 19. Qxd3 Nf6 20. Rae1 Rf7 21. Re2
Qf8 22. Rfe1 Ng4 23. Nce4 e5 24. h3 Nh6 25. g4 Kh8 26. Be3 Ng8 27. Ng5 Re7 28.
Nde4 h6 29. Nxd6 Rxd6 30. Bxc5 Rdd7 31. d6 Qe8 32. Ne4 Ne6 33. Be3 Rf7 34. c5
Ne7 35. Qxa6 Nd5 36. c6 Rd8 37. Qc4 Nxe3 38. fxe3 Ra7 39. Rd2 Rda8 40. Red1 Kh7
41. Kg2 Qf7 42. Rf1 Qe8 43. Rdf2 Ra2 44. b4 Rxf2+ 45. Rxf2 Qg8 46. Kh2 Rf8 47.
Rxf8 Qxf8 48. Qxe6 Qf3 49. Qc4 1-0

[Event "Olimpiada Calviá 2004"]
[Site "Calviá ESP"]
[Date "2004.10.23"]
[Round "8.20"]
[White "Liu, Dede"]
[Black "Paragua, Mark"]
[Result "0-1"]
[WhiteElo "2397"]
[BlackElo "2534"]
[PlyCount "102"]
[EventDate "2004.10.15"]
[EventType "team"]
[EventRounds "14"]
[EventCountry "ESP"]
[Source "lmi"]
[SourceDate "2004.10.27"]

1. e4 c5 2. Nf3 e6 3. d4 cxd4 4. Nxd4 a6 5. Bd3 Nf6 6. O-O d6 7. Nc3 g6 8. Bg5
Bg7 9. Qd2 h6 10. Bh4 O-O 11. Nf3 Nc6 12. Rad1 g5 13. Bg3 Nh5 14. Be2 Nxg3 15.
hxg3 Qa5 16. a3 Rd8 17. Nb1 Qc5 18. b4 Qa7 19. c4 Bd7 20. b5 axb5 21. cxb5 Ne5
22. Qxd6 Ng4 23. Nxg5 hxg5 24. Bxg4 Bxb5 25. Qxd8+ Rxd8 26. Rxd8+ Kh7 27. Rc1
Bd4 28. Rc2 Qb6 29. Rcc8 Bxf2+ 30. Kh2 Bc6 31. Nd2 Bg1+ 32. Kh3 Kg7 33. Rg8+
Kf6 34. Nc4 Qb1 35. Bf3 Bxe4 36. Nd2 Bf5+ 37. Bg4 Bxg4+ 38. Kxg4 Qf5+ 39. Kh5
g4+ 40. Kh4 b5 41. Rce8 Be3 42. Nb3 Bg5+ 43. Kh5 Qh7+ 44. Kxg4 Qe4+ 45. Kh3
Qf5+ 46. Kh2 Qh7+ 47. Kg1 Be3+ 48. Kf1 Qd3+ 49. Ke1 Qxb3 50. Ke2 Bd4 51. Rg4
Qc2+ 0-1

[Event "Olimpiada Calviá 2004"]
[Site "Calviá ESP"]
[Date "2004.10.23"]
[Round "8.20"]
[White "Gonzales, Jayson"]
[Black "Purnama, Tirta Chandra"]
[Result "1/2-1/2"]
[WhiteElo "2422"]
[BlackElo "2286"]
[PlyCount "58"]
[EventDate "2004.10.15"]
[EventType "team"]
[EventRounds "14"]
[EventCountry "ESP"]
[Source "lmi"]
[SourceDate "2004.10.27"]

1. Nf3 Nf6 2. c4 c6 3. Nc3 d5 4. d4 e6 5. Bg5 Nbd7 6. e3 Be7 7. Qc2 O-O 8. Bd3
dxc4 9. Bxc4 c5 10. dxc5 Qa5 11. O-O Qxc5 12. Bd3 b6 13. a3 Bb7 14. b4 Qc6 15.
Bb5 Qc7 16. Rac1 Rfc8 17. Qe2 Bd6 18. Rfd1 Ne5 19. Ne4 Nxf3+ 20. gxf3 Bxh2+ 21.
Kg2 Qe5 22. Rxc8+ Rxc8 23. Bxf6 gxf6 24. Rh1 Bxe4 25. fxe4 Qxe4+ 26. Kxh2 Qh4+
27. Kg2 Qg5+ 28. Kh2 Qh4+ 29. Kg2 Qg5+ 1/2-1/2

[Event "Olimpiada Calviá 2004"]
[Site "Calviá ESP"]
[Date "2004.10.23"]
[Round "8.20"]
[White "Halay, Taufik"]
[Black "Laylo, Darwin"]
[Result "0-1"]
[WhiteElo "2264"]
[BlackElo "2328"]
[PlyCount "54"]
[EventDate "2004.10.15"]
[EventType "team"]
[EventRounds "14"]
[EventCountry "ESP"]
[Source "lmi"]
[SourceDate "2004.10.27"]

1. d4 d5 2. c4 c6 3. Nc3 Nf6 4. Nf3 a6 5. c5 Nbd7 6. Bf4 Nh5 7. Bd2 Qc7 8. e3
g6 9. Na4 Bg7 10. Bc3 O-O 11. Bd3 Rb8 12. Qc2 Nhf6 13. O-O e5 14. dxe5 Ng4 15.
h3 Ngxe5 16. Nxe5 Nxe5 17. Bd4 Re8 18. Nc3 Bxh3 19. gxh3 Nf3+ 20. Kg2 Nh4+ 21.
Kh1 Bxd4 22. exd4 Nf3 23. Kg2 Qh2+ 24. Kxf3 Qxh3+ 25. Kf4 Re6 26. Bf5 Rf6 27.
f3 Re8 0-1

[Event "Olimpiada Calviá 2004"]
[Site "Calviá ESP"]
[Date "2004.10.23"]
[Round "8.23"]
[White "Kelly, Brian"]
[Black "Kengis, Edvins"]
[Result "1/2-1/2"]
[WhiteElo "2494"]
[BlackElo "2543"]
[PlyCount "65"]
[EventDate "2004.10.15"]
[EventType "team"]
[EventRounds "14"]
[EventCountry "ESP"]
[Source "lmi"]
[SourceDate "2004.10.27"]

1. d4 Nf6 2. c4 e6 3. Nc3 Bb4 4. Qc2 O-O 5. a3 Bxc3+ 6. Qxc3 d6 7. Bg5 Nbd7 8.
e3 b6 9. Bd3 Bb7 10. f3 c5 11. Ne2 Rc8 12. b4 h6 13. Bh4 d5 14. dxc5 bxc5 15.
b5 Ne4 16. Bxd8 Nxc3 17. Be7 Rfe8 18. Bd6 dxc4 19. Bxc4 Nb6 20. Bd3 Nca4 21.
Bg3 Red8 22. Bc2 a6 23. bxa6 Bxa6 24. e4 Bxe2 25. Kxe2 Nc3+ 26. Ke1 Nc4 27. Bf4
Rd4 28. Bc1 Rcd8 29. Rf1 Nd2 30. Rg1 Nc4 31. Rf1 Nd2 32. Rg1 Nc4 33. Rf1
1/2-1/2

[Event "Olimpiada Calviá 2004"]
[Site "Calviá ESP"]
[Date "2004.10.23"]
[Round "8.23"]
[White "Miezis, Normunds"]
[Black "Quinn, Mark"]
[Result "1-0"]
[WhiteElo "2524"]
[BlackElo "2409"]
[PlyCount "74"]
[EventDate "2004.10.15"]
[EventType "team"]
[EventRounds "14"]
[EventCountry "ESP"]
[Source "lmi"]
[SourceDate "2004.10.27"]

1. c4 Nf6 2. Nc3 d5 3. cxd5 Nxd5 4. g3 g6 5. Bg2 c6 6. d3 Bg7 7. Bd2 O-O 8. Qc1
Re8 9. h4 h5 10. Nh3 e5 11. Ng5 Na6 12. O-O Nac7 13. Rb1 Ne6 14. Re1 Nd4 15.
Nxd5 cxd5 16. Qc5 Be6 17. Nxe6 fxe6 18. Rbc1 Nc6 19. e4 d4 20. b4 Bf8 21. Qc4
a6 22. a4 Rc8 23. Bh3 Qd7 24. Qb3 Bd6 25. Rc4 Kf7 26. Rf1 Nd8 27. Kg2 Rxc4 28.
dxc4 Qc6 29. f3 b6 30. Rc1 Nb7 31. Kh2 Bc7 32. Bf1 Kg7 33. Bd3 Rf8 34. Kg2 a5
35. c5 axb4 36. cxb6 Qxb6 37. Qxb4 Qxb4 1-0

[Event "Olimpiada Calviá 2004"]
[Site "Calviá ESP"]
[Date "2004.10.23"]
[Round "8.23"]
[White "Collins, Sam E"]
[Black "Sveshnikov, Evgeny"]
[Result "1/2-1/2"]
[WhiteElo "2387"]
[BlackElo "2512"]
[PlyCount "128"]
[EventDate "2004.10.15"]
[EventType "team"]
[EventRounds "14"]
[EventCountry "ESP"]
[Source "lmi"]
[SourceDate "2004.10.27"]

1. e4 c5 2. c3 g6 3. d4 cxd4 4. cxd4 d5 5. Nc3 dxe4 6. Bc4 Nf6 7. Qb3 e6 8. d5
exd5 9. Nxd5 Nxd5 10. Bxd5 Qe7 11. Qc3 Qb4 12. Bd2 Qxc3 13. Bxc3 Rg8 14. Nh3
Bxh3 15. gxh3 Nc6 16. O-O-O O-O-O 17. Bxe4 Bc5 18. Bd5 Rd7 19. Bc4 Bd4 20. Bxd4
Nxd4 21. Rd2 Rgd8 22. Rhd1 f5 23. a4 Kc7 24. b3 g5 25. Kb2 Nf3 26. Rxd7+ Rxd7
27. Rxd7+ Kxd7 28. Bd5 Nxh2 29. Bxb7 g4 30. hxg4 Nxg4 31. f4 h5 32. Kc3 h4 33.
Bg2 Nf2 34. Kd2 h3 35. Ke2 Nd3 36. Ba8 Nc5 37. Kf2 Nxb3 38. Kg3 Nc5 39. a5 Ne6
40. Kxh3 Nxf4+ 41. Kh4 Kd6 42. Kg3 Ne6 43. Kf3 Ke5 44. Ke3 Nd4 45. Kd3 Ne6 46.
Kc4 Kd6 47. Bg2 f4 48. Kb5 Kc7 49. Bd5 Ng5 50. Kc5 Kd7 51. Kd4 Kd6 52. Ba8 Ke6
53. Kc5 Kd7 54. Kd4 Kd6 55. Bh1 Ke6 56. Kc5 Kd7 57. Kd4 Kd6 58. Ba8 Ne6+ 59.
Ke4 a6 60. Kf5 Nc7 61. Bb7 Kc5 62. Kxf4 Kb5 63. Bxa6+ Nxa6 64. Ke5 Kxa5 1/2-1/2

[Event "Olimpiada Calviá 2004"]
[Site "Calviá ESP"]
[Date "2004.10.23"]
[Round "8.23"]
[White "Meijers, Viesturs"]
[Black "Wall, Gavin"]
[Result "1/2-1/2"]
[WhiteElo "2465"]
[BlackElo "2385"]
[PlyCount "52"]
[EventDate "2004.10.15"]
[EventType "team"]
[EventRounds "14"]
[EventCountry "ESP"]
[Source "lmi"]
[SourceDate "2004.10.27"]

1. e4 e5 2. Nf3 d6 3. d4 exd4 4. Nxd4 Nf6 5. Nc3 Be7 6. Bc4 O-O 7. O-O a6 8. a4
Nc6 9. Nxc6 bxc6 10. Re1 a5 11. Bg5 Rb8 12. b3 Ng4 13. Bxe7 Qxe7 14. h3 Ne5 15.
Bf1 Qg5 16. Kh1 f5 17. f3 Qh4 18. Qd2 f4 19. Nd1 Nxf3 20. gxf3 Bxh3 21. Qf2 Qh5
22. Bxh3 Qxh3+ 23. Qh2 Qxf3+ 24. Qg2 Qh5+ 25. Qh2 Qf3+ 26. Qg2 Qh5+ 1/2-1/2

[Event "Olimpiada Calviá 2004"]
[Site "Calviá ESP"]
[Date "2004.10.23"]
[Round "8.24"]
[White "Agdestein, Simen"]
[Black "Hernandez, Gilberto"]
[Result "1/2-1/2"]
[WhiteElo "2589"]
[BlackElo "2509"]
[PlyCount "110"]
[EventDate "2004.10.15"]
[EventType "team"]
[EventRounds "14"]
[EventCountry "ESP"]
[Source "lmi"]
[SourceDate "2004.10.27"]

1. d4 d6 2. g3 Nf6 3. Bg2 g6 4. e4 Bg7 5. Ne2 O-O 6. O-O e5 7. Nbc3 Nc6 8. Re1
Bd7 9. d5 Ne7 10. h3 Ne8 11. f4 f5 12. Be3 Kh8 13. Qd2 a6 14. Rad1 Rb8 15. b3
Ng8 16. Nc1 exf4 17. Bxf4 fxe4 18. Nxe4 Nef6 19. Nf2 Nh5 20. Bg5 Bf6 21. Bxf6+
Qxf6 22. Ne4 Qg7 23. Ne2 Rbe8 24. Ng5 Qf6 25. Rf1 Rxe2 26. Qxe2 Nxg3 27. Qc4
Nxf1 28. Rxf1 Bf5 29. Ne6 Rc8 30. Qb4 b6 31. Qa4 Qe7 32. Qxa6 Bxe6 33. Re1 Qh4
34. Re4 Qf6 35. dxe6 Ne7 36. Qe2 Nf5 37. Qc4 d5 38. Qxd5 Rd8 39. Qe5 Qxe5 40.
Rxe5 Kg7 41. Re1 Kf6 42. a4 Nd4 43. b4 Nxc2 44. Re4 Rd1+ 45. Kh2 Ke7 46. Rc4
Rd2 47. Rxc7+ Kxe6 48. Kg3 Rd3+ 49. Kf4 Nxb4 50. Rxh7 Nd5+ 51. Bxd5+ Rxd5 52.
Rb7 Rd4+ 53. Kg5 Rxa4 54. Rxb6+ Kf7 55. Rb7+ Kg8 1/2-1/2

[Event "Olimpiada Calviá 2004"]
[Site "Calviá ESP"]
[Date "2004.10.23"]
[Round "8.24"]
[White "Ostenstad, Berge"]
[Black "Gonzalez Garcia, Jose"]
[Result "0-1"]
[WhiteElo "2506"]
[BlackElo "2447"]
[PlyCount "90"]
[EventDate "2004.10.15"]
[EventType "team"]
[EventRounds "14"]
[EventCountry "ESP"]
[Source "lmi"]
[SourceDate "2004.10.27"]

1. c4 Nf6 2. Nc3 e6 3. e4 d5 4. e5 d4 5. exf6 dxc3 6. bxc3 Qxf6 7. d4 c5 8. Nf3
cxd4 9. Bg5 Qf5 10. cxd4 Bb4+ 11. Bd2 Qa5 12. Rb1 Bxd2+ 13. Qxd2 Qxd2+ 14. Kxd2
b6 15. Bd3 Bb7 16. Rhc1 Ke7 17. Ke3 Rd8 18. Be4 Bxe4 19. Kxe4 Nd7 20. a4 h6 21.
Ke3 Rac8 22. a5 f6 23. Rb5 Rc6 24. Nd2 e5 25. d5 Rcc8 26. g4 h5 27. h3 hxg4 28.
hxg4 Rh8 29. Ra1 g6 30. axb6 axb6 31. Ra7 Ra8 32. Rxd7+ Kxd7 33. Rxb6 Rh3+ 34.
Ke2 Ra2 35. Rxf6 Rc3 36. Rxg6 Rxc4 37. Rg7+ Kd8 38. g5 Rd4 39. g6 Raxd2+ 40.
Ke3 R2d3+ 41. Ke2 Ke8 42. Rf7 Rd2+ 43. Ke3 Rd1 44. Rf5 Rg4 45. Rxe5+ Kd7 0-1

[Event "Olimpiada Calviá 2004"]
[Site "Calviá ESP"]
[Date "2004.10.23"]
[Round "8.24"]
[White "Almeida Saenz, Alfonso"]
[Black "Elsness, Frode"]
[Result "0-1"]
[WhiteElo "2388"]
[BlackElo "2425"]
[PlyCount "176"]
[EventDate "2004.10.15"]
[EventType "team"]
[EventRounds "14"]
[EventCountry "ESP"]
[Source "lmi"]
[SourceDate "2004.10.27"]

1. Nf3 Nf6 2. d4 g6 3. g3 Bg7 4. Bg2 O-O 5. O-O d5 6. c4 dxc4 7. Na3 Nc6 8.
Nxc4 Be6 9. b3 Bd5 10. Bb2 a5 11. Rc1 a4 12. bxa4 Ra6 13. Nfe5 Bxg2 14. Kxg2
Qa8 15. Nxc6 bxc6 16. a5 c5+ 17. Kg1 Rd8 18. e3 cxd4 19. exd4 Ne4 20. Qf3 Bxd4
21. Bxd4 Rxd4 22. Rc2 Rf6 23. Qg2 Rc6 24. Rfc1 Qa6 25. Qf1 Rc5 26. Ne3 Qxa5 27.
Rxc5 Nxc5 28. Qh3 Ne6 29. Qf1 Qxa2 30. Ra1 Qb3 31. Ra8+ Rd8 32. Qa1 Rxa8 33.
Qxa8+ Kg7 34. Qa1+ f6 35. h4 h5 36. Qa8 Qb5 37. Qe4 Qd7 38. Kh2 c6 39. Qc4 Nd4
40. Qc5 Nf5 41. Nxf5+ gxf5 42. Qe3 Qd6 43. Qf3 Kg6 44. Qb3 Qd5 45. Qb8 Kf7 46.
Qh8 Qf3 47. Qh7+ Ke6 48. Kg1 f4 49. gxf4 Qg4+ 50. Kf1 Qd1+ 51. Kg2 Qg4+ 52. Kf1
Qxh4 53. Qe4+ Kd7 54. Qf5+ Kd8 55. Qd3+ Kc7 56. Qe3 Qh1+ 57. Ke2 Kd7 58. f3
Qg2+ 59. Ke1 Qa2 60. Kf1 Qd5 61. Kg2 c5 62. Kg3 Qd4 63. Qb3 c4 64. Qb5+ Ke6 65.
Qe8 c3 66. f5+ Kxf5 67. Qxh5+ Ke6 68. Qh3+ Kd6 69. Qc8 Qe5+ 70. Kg2 Qc5 71.
Qb8+ Kd7 72. Qb7+ Ke8 73. Qa8+ Kf7 74. Qa2+ Kf8 75. Qc2 Qg5+ 76. Kh3 Qh6+ 77.
Kg3 Qg5+ 78. Kh3 Qd2 79. Qh7 c2 80. Qh8+ Kf7 81. Qh7+ Ke6 82. Qg8+ Kd7 83. Qg4+
e6 84. Qg7+ Kc6 85. Qxf6 c1=Q 86. Qxe6+ Kb5 87. Qe8+ Qc6 88. Qb8+ Ka6 0-1

[Event "Olimpiada Calviá 2004"]
[Site "Calviá ESP"]
[Date "2004.10.23"]
[Round "8.25"]
[White "Rozentalis, Eduardas"]
[Black "Moldobaev, Emelbek"]
[Result "1/2-1/2"]
[WhiteElo "2595"]
[BlackElo "2388"]
[PlyCount "85"]
[EventDate "2004.10.15"]
[EventType "team"]
[EventRounds "14"]
[EventCountry "ESP"]
[Source "lmi"]
[SourceDate "2004.10.27"]

1. e4 c6 2. Nc3 d5 3. Nf3 Bg4 4. h3 Bxf3 5. Qxf3 Nf6 6. e5 Nfd7 7. Qg3 e6 8.
Be2 c5 9. f4 Nc6 10. Nb5 g6 11. c3 a6 12. Na3 c4 13. Nc2 Nc5 14. d3 cxd3 15.
Bxd3 Nxd3+ 16. Qxd3 Bc5 17. Be3 Qh4+ 18. Kd2 Bxe3+ 19. Qxe3 O-O 20. Rad1 Rfc8
21. Kc1 b5 22. Kb1 a5 23. g4 b4 24. cxb4 axb4 25. g5 Rab8 26. Rc1 Ne7 27. Nd4
Nf5 28. Nxf5 gxf5 29. Rxc8+ Rxc8 30. Rc1 Rb8 31. b3 Kg7 32. Kb2 Qh5 33. Kb1 Qh4
34. Rc2 Qh5 35. Kc1 Qh4 36. Kb2 Qh5 37. Rd2 Qh4 38. Rc2 Kg8 39. a4 bxa3+ 40.
Kxa3 Ra8+ 41. Kb2 Kg7 42. b4 d4 43. Qxd4 1/2-1/2

[Event "Olimpiada Calviá 2004"]
[Site "Calviá ESP"]
[Date "2004.10.23"]
[Round "8.25"]
[White "Ilinsky, Vladimir"]
[Black "Kveinys, Aloyzas"]
[Result "1-0"]
[WhiteElo "2331"]
[BlackElo "2531"]
[PlyCount "89"]
[EventDate "2004.10.15"]
[EventType "team"]
[EventRounds "14"]
[EventCountry "ESP"]
[Source "lmi"]
[SourceDate "2004.10.27"]

1. Nf3 Nf6 2. c4 e6 3. g3 d5 4. Bg2 Be7 5. O-O O-O 6. b3 c5 7. Bb2 Nc6 8. e3 b6
9. Nc3 Bb7 10. d3 Qd7 11. Qe2 Rfe8 12. Rfd1 Rad8 13. d4 cxd4 14. exd4 dxc4 15.
bxc4 Qc8 16. Rac1 Na5 17. Nb1 Bc6 18. Nbd2 Qa6 19. Bf1 Ba8 20. Nb3 Nc6 21. a3
Qa4 22. Nbd2 Na5 23. h3 Bb7 24. Qe3 Rc8 25. Re1 Bf8 26. Ne5 Nd7 27. Nxd7 Qxd7
28. Bd3 e5 29. d5 Qxh3 30. Qf3 Qh6 31. Ne4 Nb3 32. Kg2 f5 33. Qxf5 Nxc1 34.
Bxc1 Qg6 35. Qd7 Qf7 36. Qh3 h6 37. Ng5 Qf6 38. Ne4 Qd8 39. Qf5 Rc7 40. Ng5 g6
41. Qxg6+ Rg7 42. Qxh6 e4 43. Rh1 Qxg5 44. Bxg5 exd3 45. Rh4 1-0

[Event "Olimpiada Calviá 2004"]
[Site "Calviá ESP"]
[Date "2004.10.23"]
[Round "8.25"]
[White "Sakalauskas, Vaidas"]
[Black "Shukuraliev, Algis"]
[Result "1-0"]
[WhiteElo "2464"]
[BlackElo "2248"]
[PlyCount "69"]
[EventDate "2004.10.15"]
[EventType "team"]
[EventRounds "14"]
[EventCountry "ESP"]
[Source "lmi"]
[SourceDate "2004.10.27"]

1. d4 d5 2. c4 e6 3. Nf3 Nf6 4. Nc3 Be7 5. Qc2 c6 6. e4 O-O 7. e5 Ne8 8. Bd3 h6
9. O-O Nd7 10. Qe2 b6 11. cxd5 cxd5 12. h3 Nc7 13. Nh2 f5 14. exf6 Bxf6 15. Bf4
e5 16. Bxe5 Nxe5 17. dxe5 Bg5 18. Rad1 Be6 19. Nf3 Qe7 20. Bc2 Rad8 21. Nd4 Bd7
22. Rfe1 Kh8 23. e6 Be8 24. Nf5 Rxf5 25. Bxf5 b5 26. a3 a5 27. Bd3 b4 28. axb4
axb4 29. Nb5 Nxb5 30. Bxb5 Bg6 31. Bd3 Be8 32. Bb1 Bf6 33. Rd2 Rd6 34. Qg4 b3
35. Rxd5 1-0

[Event "Olimpiada Calviá 2004"]
[Site "Calviá ESP"]
[Date "2004.10.23"]
[Round "8.25"]
[White "Turpanov, Milan"]
[Black "Butnorius, Algimantas"]
[Result "1-0"]
[WhiteElo "2307"]
[BlackElo "2429"]
[PlyCount "107"]
[EventDate "2004.10.15"]
[EventType "team"]
[EventRounds "14"]
[EventCountry "ESP"]
[Source "lmi"]
[SourceDate "2004.10.27"]

1. d4 Nf6 2. Nf3 e6 3. Bg5 d5 4. e3 Be7 5. Nbd2 Nbd7 6. Bd3 c5 7. c3 b6 8. O-O
Bb7 9. Qe2 O-O 10. Rad1 Ne4 11. Bxe7 Qxe7 12. Ne5 Nxd2 13. Rxd2 Nxe5 14. dxe5
Rad8 15. Qh5 g6 16. Qg4 f5 17. exf6 Qxf6 18. Bc2 e5 19. f3 Kh8 20. Rfd1 Rd6 21.
h4 Rfd8 22. Qg5 Kg7 23. Kf2 h6 24. Qxf6+ Kxf6 25. g4 d4 26. Kg3 Bc6 27. a3 R6d7
28. exd4 cxd4 29. cxd4 Rxd4 30. Rxd4 exd4 31. f4 Bb5 32. g5+ hxg5 33. fxg5+ Kg7
34. Bd3 Bxd3 35. Rxd3 Kf7 36. Kf4 Ke6 37. Ke4 Rh8 38. Rh3 d3 39. Kxd3 Kf5 40.
Rf3+ Kg4 41. Rf7 Rxh4 42. Rxa7 Rh2 43. Kc3 Kxg5 44. Rb7 Kf4 45. Rxb6 g5 46.
Rf6+ Ke4 47. Rg6 Kf4 48. a4 g4 49. a5 g3 50. a6 Kf3 51. Rg8 Rh7 52. b4 g2 53.
b5 Rh8 54. Rxg2 1-0

[Event "Olimpiada Calviá 2004"]
[Site "Calviá ESP"]
[Date "2004.10.23"]
[Round "8.26"]
[White "Haznedaroglu, Kivanc"]
[Black "Rogers, Ian"]
[Result "1/2-1/2"]
[WhiteElo "2394"]
[BlackElo "2593"]
[PlyCount "150"]
[EventDate "2004.10.15"]
[EventType "team"]
[EventRounds "14"]
[EventCountry "ESP"]
[Source "lmi"]
[SourceDate "2004.10.27"]

1. e4 g6 2. d4 Bg7 3. Nc3 c6 4. Nf3 d5 5. h3 Nh6 6. Be2 f6 7. O-O Nf7 8. Re1
O-O 9. Bf1 e6 10. b3 Nd7 11. Bb2 f5 12. exd5 exd5 13. Ne2 Nf6 14. Ne5 Nxe5 15.
dxe5 Ne4 16. f3 Ng5 17. Nf4 Ne6 18. Nxe6 Bxe6 19. f4 g5 20. Qf3 Rf7 21. Rad1
gxf4 22. Qxf4 Qf8 23. Kh1 Bh6 24. Qh4 Qg7 25. Be2 Bg5 26. Qf2 Qh6 27. Qf3 Rg7
28. Qh5 Qg6 29. Bf3 Rd8 30. Ba3 Rgd7 31. Bc1 Bxc1 32. Rxc1 Qxh5 33. Bxh5 d4 34.
Bf3 d3 35. cxd3 Rxd3 36. Re2 Kf7 37. Kg1 Rd2 38. Kf2 Rxe2+ 39. Kxe2 Bd5 40. Ke3
Ke6 41. Kf4 Bxf3 42. gxf3 Rd4+ 43. Kg5 a5 44. Rc2 Rd3 45. Kf4 h6 46. Rg2 Rd4+
47. Ke3 Kxe5 48. Rg7 f4+ 49. Ke2 Rb4 50. Rh7 a4 51. bxa4 Kd4 52. Rd7+ Kc4 53.
Rf7 Kc3 54. h4 Rxa4 55. Rxb7 Rxa2+ 56. Ke1 c5 57. Rf7 c4 58. Rxf4 Rh2 59. Rf8
Kd3 60. f4 c3 61. Rd8+ Ke3 62. Kd1 Kxf4 63. Rc8 Rh3 64. Rc4+ Kg3 65. Rxc3+ Kxh4
66. Rc6 Kg3 67. Ke2 Rh5 68. Rg6+ Kh2 69. Kf3 Rh3+ 70. Kf2 Rh5 71. Kf3 Rh4 72.
Rg2+ Kh3 73. Rg3+ Kh2 74. Rg2+ Kh3 75. Rg3+ Kh2 1/2-1/2

[Event "Olimpiada Calviá 2004"]
[Site "Calviá ESP"]
[Date "2004.10.23"]
[Round "8.26"]
[White "Lane, Gary W"]
[Black "Erdogdu, Mert"]
[Result "0-1"]
[WhiteElo "2442"]
[BlackElo "2393"]
[PlyCount "86"]
[EventDate "2004.10.15"]
[EventType "team"]
[EventRounds "14"]
[EventCountry "ESP"]
[Source "lmi"]
[SourceDate "2004.10.27"]

1. e4 e5 2. Nf3 Nc6 3. Bc4 Nf6 4. d3 Bc5 5. O-O a6 6. Re1 d6 7. c3 Ba7 8. Bb3
h6 9. h3 Qe7 10. Be3 g5 11. Nh2 Rg8 12. Nd2 g4 13. h4 g3 14. fxg3 Rxg3 15. Bxa7
Bh3 16. Re2 Nxa7 17. Ndf1 Rg7 18. Ne3 O-O-O 19. Rf2 Be6 20. Qf3 Nd7 21. Qh5 Rh8
22. Raf1 Nc6 23. Nf5 Bxf5 24. Rxf5 Nd8 25. Bxf7 Nc5 26. Bc4 b5 27. b4 Nxe4 28.
dxe4 bxc4 29. Ng4 Rhg8 30. Ne3 Rg3 31. R5f3 Qg7 32. R1f2 Kb7 33. Qf5 Rg6 34.
Kf1 h5 35. Qh3 Qh6 36. Kg1 Ne6 37. Nd5 Rg4 38. Rf7 Qc1+ 39. Kh2 Qe1 40. Ne3 Nf4
41. R2xf4 exf4 42. Nf5 Qd2 43. Kh1 Rxg2 0-1